Normal view
MARC view
- English
Entry Topical Term
001 - CONTROL NUMBER
- control field: 44716
003 - CONTROL NUMBER IDENTIFIER
- control field: OSt
005 - DATE AND TIME OF LATEST TRANSACTION
- control field: 20220806101918.0
008 - FIXED-LENGTH DATA ELEMENTS
- fixed length control field: 220806|| aca||aabn | a|a d
040 ## - CATALOGING SOURCE
- Original cataloging agency: OSt
- Transcribing agency: OSt
150 ## - HEADING--TOPICAL TERM
- Topical term or geographic name entry element: English
670 ## - SOURCE DATA FOUND
- Source citation: Work cat.: (OSt)26461: Verma, K. D. 44715, Indian Imagination, 1999